[Event "World Junior U20 Girls 2018"]
[Site "Gebze"]
[Date "2018.09.07"]
[Round "3"]
[White "Hilario, Aleyla"]
[Black "Khomeriki, Nino"]
[Result "0-1"]
[WhiteElo "2203"]
[BlackElo "2313"]
[Annotator "NA"]
[PlyCount "102"]
[EventDate "2018.09.05"]
[EventType "swiss"]
[EventCountry "TUR"]
[SourceTitle "playchess.com"]
[Source "ChessBase"]
[SourceQuality "1"]
[TimeControl "40/5400+30:1800+30"]

1. d4 {[%emt 0:00:30]} Nf6 {[%emt 0:00:30]} 2. c4 {[%emt 0:00:00]} e6 {[%emt 0:00:30]} 3. Nf3 {[%emt 0:00:00]} c5 {[%emt 0:00:30]} 4. d5 {[%emt 0:04:30]} d6 {[%emt 0:00:30]} 5. Nc3 {[%emt 0:00:30]} exd5 {[%emt 0:00:30]} 6. cxd5 {[%emt 0:00:30]} g6 {[%emt 0:00:00]} 7. e4 {[%emt 0:00:00]} Bg7 {[%emt 0:00:00]} 8. Bd3 {[%emt 0:01:00]} O-O {[%emt 0:00:30]} 9. O-O {[%emt 0:00:30]} Bg4 {[%emt 0:01:30]} 10. h3 {[%emt 0:01:30]} Bxf3 {[%emt 0:00:00]} 11. Qxf3 {[%emt 0:00:00]} Nbd7 {[%emt 0:01:00]} 12. Bf4 {[%emt 0:03:00] A70: Modern Benoni: 6 e4 g6 7 Nf3} (12. Qe2 a6 13. a4 Ne5 14. Bc2 Re8 15. f4 Ned7 16. Qf3 c4 17. Be3 Qa5 18. Rae1 b5 19. axb5 axb5 20. Ne2 b4 21. Bd4 {0-1 (39) Zubritskiy,A (2442)-Khalifman,A (2617) Tallinn 2016}) 12... Qe7 {[%emt 0:00:30]} 13. Qe2 {[%emt 0:05:30]} a6 {[%emt 0:08:30]} 14. a4 {[%emt 0:01:30]} Nh5 {[%emt 0:04:30]} 15. Bh2 {[%emt 0:00:30]} Bd4 {[%emt 0:06:30]} 16. Kh1 {[%emt 0:00:30]} Rae8 {[%emt 0:07:30]} 17. Rae1 $146 {[%emt 0:02:30]} ({Predecessor:} 17. f4 Qh4 18. Qf3 f5 19. Rae1 g5 20. g3 Qxh3 21. exf5 Rxe1 22. Rxe1 gxf4 23. Bf1 Nxg3+ {0-1 (23) Akyuz,M (1874)-Erdogan,H (2170) Manavgat 2016}) 17... Qf6 {[%emt 0:18:30]} 18. Qd2 {[%emt 0:05:30]} g5 {[%emt 0:09:30]} 19. Ne2 {[%emt 0:20:30]} Be5 {[%emt 0:06:30]} 20. f4 {[%emt 0:01:30]} gxf4 {[%emt 0:00:00]} 21. g4 {[%emt 0:00:00]} Ng7 {[%emt 0:03:00]} 22. Nxf4 {[%emt 0:01:00]} Qh4 {[%emt 0:01:30]} 23. Qg2 {[%emt 0:00:30]} Rb8 {[%emt 0:00:30]} 24. Re2 {[%emt 0:00:30]} b5 {[%emt 0:00:30]} 25. axb5 {[%emt 0:00:30]} axb5 {[%emt 0:04:30]} 26. b3 {[%emt 0:12:30]} c4 {[%emt 0:04:30]} 27. bxc4 {[%emt 0:02:30]} b4 {[%emt 0:01:30]} 28. Bb1 {[%emt 0:10:30]} Qe7 {[%emt 0:03:01]} 29. Ref2 {[%emt 0:09:44]} b3 {[%emt 0:06:38]} 30. Nd3 {[%emt 0:04:53]} f6 {[%emt 0:03:14]} 31. h4 {[%emt 0:04:15]} Bd4 {[%emt 0:03:30]} 32. Rf3 {[%emt 0:05:41]} Ne5 {[%emt 0:00:10]} 33. Nxe5 {[%emt 0:01:28]} Bxe5 {[%emt 0:04:17]} 34. Bg1 $16 {[%emt 0:00:26]} (34. h5 $18 {has better winning chances.}) 34... Kh8 {[%emt 0:02:06]} 35. Be3 {[%emt 0:00:05]} Rg8 {[%emt 0:00:21]} 36. Qh3 {[%emt 0:01:41]} Qd7 {[%emt 0:00:39]} 37. g5 {[%emt 0:01:32]} Qxh3+ {[%emt 0:00:05]} 38. Rxh3 {[%emt 0:00:00]} Nh5 {[%emt 0:00:09]} 39. Rd1 {[%emt 0:00:49]} b2 {[%emt 0:00:50]} 40. gxf6 {[%emt 0:00:00]} Ng3+ {[%emt 0:00:53]} 41. Kg2 {[%emt 0:00:56]} Nxe4+ {[%emt 0:05:07]} 42. Kf3 {[%emt 0:08:30]} Nc3 {[%emt 0:01:30]} 43. Rdh1 {[%emt 0:03:30]} Bxf6 {[%emt 0:03:30]} 44. Bg5 {[%emt 0:01:06]} Be5 {[%emt 0:00:30]} 45. Kf2 {[%emt 0:04:17]} Bd4+ {[%emt 0:07:13]} 46. Kf3 {[%emt 0:05:40]} Nxb1 {[%emt 0:08:51]} 47. Rxb1 {[%emt 0:00:49]} Rb3+ {[%emt 0:00:02]} 48. Kg2 {[%emt 0:02:05]} Rxh3 {[%emt 0:00:30]} 49. Kxh3 {[%emt 0:00:00]} Ra8 {[%emt 0:00:00]} 50. Bc1 {[%emt 0:00:26]} bxc1=Q {[%emt 0:00:53]} 51. Rxc1 {[%emt 0:00:03]} h5 {[%emt 0:00:25]} 0-1

[Event "World Junior U20 Girls 2018"]
[Site "Gebze"]
[Date "2018.09.07"]
[Round "3"]
[White "Kanakova, Natalie"]
[Black "Antova, Gabriela"]
[Result "1/2-1/2"]
[WhiteElo "2201"]
[BlackElo "2292"]
[Annotator "NA"]
[PlyCount "68"]
[EventDate "2018.09.05"]
[EventType "swiss"]
[EventCountry "TUR"]
[SourceTitle "playchess.com"]
[Source "ChessBase"]
[SourceQuality "1"]
[TimeControl "40/5400+30:1800+30"]

1. e4 {[%emt 0:00:30]} c5 {[%emt 0:00:30]} 2. Nf3 {[%emt 0:00:30]} d6 {[%emt 0:00:00]} 3. Bb5+ {[%emt 0:00:00]} Nd7 {[%emt 0:00:00]} 4. c4 {[%emt 0:00:00]} Ngf6 {[%emt 0:01:30] LiveBook: 70 Games} 5. Nc3 {[%emt 0:00:30]} g6 {[%emt 0:00:30]} 6. O-O {[%emt 0:01:30] B51: Sizilianisch (Rossolimo-Variante)} Bg7 {[%emt 0:00:30]} 7. d4 {[%emt 0:00:30]} (7. Ba4 O-O 8. h3 Nb6 9. Bb3 e5 10. d3 Ne8 11. Bg5 f6 12. Be3 f5 13. Bg5 Bf6 {0-1 (43) Safarli,E (2664)-Giri,A (2790) Shamkir 2016 CBM 173 [Mekhitarian,K]}) 7... cxd4 {[%emt 0:00:30]} 8. Nxd4 {[%emt 0:00:30]} O-O {[%emt 0:00:30]} 9. Bxd7 {[%emt 0:00:30]} Bxd7 {[%emt 0:01:30]} 10. Qd3 {[%emt 0:03:30]} Ng4 $146 {[%emt 0:09:30]} ({Vorgänger:} 10... Rc8 11. b3 Qa5 12. Bb2 Rfe8 13. Nce2 Qc5 {0-1 (59) Gehlhaar,C (2095)-Werner,D (2167) Berlin 2005}) 11. Nf3 {[%emt 0:01:30]} Rc8 {[%emt 0:02:30]} 12. Bd2 {[%emt 0:08:30]} Re8 {[%emt 0:06:30]} 13. Rac1 {[%emt 0:06:30]} a6 {[%emt 0:03:30]} 14. h3 {[%emt 0:07:30]} Ne5 {[%emt 0:04:30]} 15. Nxe5 {[%emt 0:00:30]} Bxe5 {[%emt 0:01:30]} 16. f4 {[%emt 0:12:30]} Bg7 {[%emt 0:00:30]} 17. b3 {[%emt 0:01:30]} b5 {[%emt 0:03:30]} 18. f5 {[%emt 0:03:30]} bxc4 {[%emt 0:03:30]} 19. bxc4 {[%emt 0:02:30]} Bc6 {[%emt 0:10:30]} 20. Nd5 {[%emt 0:06:30]} Bxd5 {[%emt 0:04:30]} 21. cxd5 {[%emt 0:00:30]} Qb6+ {[%emt 0:00:30]} 22. Kh1 {[%emt 0:01:30]} Qb5 {[%emt 0:13:30]} 23. Qf3 {[%emt 0:02:30]} Rxc1 {[%emt 0:02:30]} 24. Bxc1 $11 {[%emt 0:00:30]} Kh8 {[%emt 0:05:30]} 25. Bg5 {[%emt 0:01:30]} Qb2 {[%emt 0:01:30]} 26. a4 {[%emt 0:07:30]} Qe5 {[%emt 0:03:55]} 27. a5 {[%emt 0:03:30]} gxf5 {[%emt 0:04:10]} 28. exf5 {[%emt 0:02:30]} Rc8 {[%emt 0:03:21]} 29. Rb1 {[%emt 0:09:19]} h6 {[%emt 0:04:16]} 30. Bd2 {[%emt 0:00:43]} Rc5 {[%emt 0:00:54]} 31. Qh5 {[%emt 0:06:42]} Qf6 {[%emt 0:01:41]} 32. Qf3 {[%emt 0:01:20]} Qe5 {[%emt 0:00:44]} 33. Qh5 {[%emt 0:00:11]} Qf6 {[%emt 0:00:00]} 34. Qf3 {[%emt 0:01:24]} Qe5 {[%emt 0:05:46]} 1/2-1/2

[Event "World Junior U20 Girls 2018"]
[Site "Gebze"]
[Date "2018.09.07"]
[Round "3"]
[White "Chu, Ruotong"]
[Black "Zhu, Jiner"]
[Result "1-0"]
[WhiteElo "2199"]
[BlackElo "2364"]
[Annotator "NA"]
[PlyCount "115"]
[EventDate "2018.09.05"]
[EventType "swiss"]
[EventCountry "TUR"]
[SourceTitle "playchess.com"]
[Source "ChessBase"]
[SourceQuality "1"]
[TimeControl "40/5400+30:1800+30"]

1. d4 {[%emt 0:01:30]} Nf6 {[%emt 0:00:30]} 2. c4 {[%emt 0:00:30]} e6 {[%emt 0:00:00]} 3. g3 {[%emt 0:13:30]} d5 {[%emt 0:00:00]} 4. Bg2 {[%emt 0:00:30]} dxc4 {[%emt 0:00:00]} 5. Nf3 {[%emt 0:00:30]} Nc6 {[%emt 0:00:00]} 6. Qa4 {[%emt 0:00:30]} Nd7 {[%emt 0:00:30] E04: Open Catalan: 5 Nf3} (6... Bb4+ 7. Bd2 Nd5 8. Bxb4 Ndxb4 9. O-O Rb8 10. Na3 O-O 11. Qb5 b6 12. Qxc4 Ba6 13. Nb5 Qe8 14. Rfc1 Nd5 15. Qxc6 Qxc6 16. Rxc6 Bxb5 17. Rc2 Rfc8 {½-½ (33) So,W (2780)-Caruana,F (2822) Saint Louis 2018}) 7. Qxc4 {[%emt 0:03:30] LiveBook: 177 Games} Nb6 {[%emt 0:00:00]} 8. Qb5 {[%emt 0:04:30]} a6 {[%emt 0:00:00]} 9. Qd3 {[%emt 0:00:00]} e5 {[%emt 0:01:30]} 10. e3 $146 {[%emt 0:08:00]} ({Predecessor:} 10. Nxe5 Nb4 11. Qc3 Qxd4 12. Qxd4 Nc2+ 13. Kd1 Nxd4 14. Be3 {½-½ (90) Fridman,D (2637)-Nabaty,T (2690) Batumi 2018}) 10... Nb4 {[%emt 0:06:30]} 11. Qe2 {[%emt 0:10:30]} Bg4 {[%emt 0:24:30]} 12. h3 {[%emt 0:03:30]} exd4 {[%emt 0:10:30]} 13. exd4+ {[%emt 0:02:30]} Be6 {[%emt 0:00:30]} 14. Ng5 {[%emt 0:08:30]} Qxd4 {[%emt 0:00:30]} 15. Nxe6 {[%emt 0:06:30]} Nd3+ {[%emt 0:00:30]} 16. Kf1 {[%emt 0:00:30]} fxe6 {[%emt 0:00:30]} 17. Qxe6+ {[%emt 0:30:47]} Be7 {[%emt 0:00:00]} 18. Be3 {[%emt 0:02:10]} Qc4 {[%emt 0:10:00]} 19. Qxc4 {[%emt 0:00:48]} Nxc4 {[%emt 0:00:30]} 20. Bxb7 {[%emt 0:00:21]} Nxe3+ {[%emt 0:00:00]} 21. fxe3 {[%emt 0:00:18]} O-O+ {[%emt 0:00:00]} 22. Ke2 {[%emt 0:00:19]} Rad8 {[%emt 0:00:00]} 23. Rf1 {[%emt 0:00:53]} Rxf1 {[%emt 0:07:00]} 24. Kxf1 {[%emt 0:00:30]} Nxb2 {[%emt 0:00:00]} 25. Nc3 {[%emt 0:00:00]} Bf6 {[%emt 0:02:00]} 26. Ne4 {[%emt 0:00:23]} Be5 {[%emt 0:02:30]} 27. Rc1 {[%emt 0:00:33]} Rb8 {[%emt 0:04:30]} 28. Bxa6 {[%emt 0:00:14]} Rb4 {[%emt 0:00:30]} 29. Nc5 {[%emt 0:01:23]} Bxg3 {[%emt 0:00:30]} 30. Ke2 {[%emt 0:00:22]} h5 {[%emt 0:01:30]} 31. Bb7 {[%emt 0:00:48]} Kh7 {[%emt 0:01:30]} 32. a3 {[%emt 0:00:27]} Rb6 {[%emt 0:02:30]} 33. a4 {[%emt 0:00:38]} Rf6 {[%emt 0:10:57]} 34. Ne4 {[%emt 0:00:42]} Rb6 {[%emt 0:00:04]} 35. Nc5 {[%emt 0:00:20]} Rf6 {[%emt 0:00:30]} 36. Ne4 {[%emt 0:00:30]} Rb6 {[%emt 0:00:00]} 37. Nxg3 {[%emt 0:00:11]} Rxb7 {[%emt 0:00:00]} 38. Rb1 {[%emt 0:00:00]} Rb6 {[%emt 0:03:44]} 39. a5 {[%emt 0:00:36]} Rg6 {[%emt 0:00:04]} 40. Nxh5 {[%emt 0:00:00]} Nc4 $14 {[%emt 0:00:00]} 41. Rc1 {[%emt 0:03:17]} Nxa5 {[%emt 0:03:11]} 42. Rxc7 {[%emt 0:00:30]} Nb3 {[%emt 0:01:30]} 43. Kd3 {[%emt 0:02:30]} Rg5 {[%emt 0:01:30]} 44. Nf4 {[%emt 0:00:30]} Nc5+ {[%emt 0:02:30]} 45. Kd4 {[%emt 0:05:30]} Nb3+ {[%emt 0:00:00]} 46. Kd3 {[%emt 0:04:55]} Nc5+ {[%emt 0:00:00]} 47. Ke2 {[%emt 0:00:00]} Re5 {[%emt 0:01:30]} 48. Kf3 {[%emt 0:03:22]} Ne4 {[%emt 0:01:30]} 49. Rc6 {[%emt 0:01:06]} Nd2+ {[%emt 0:01:30]} 50. Ke2 {[%emt 0:00:30]} Ne4 {[%emt 0:00:30]} 51. Rc2 {[%emt 0:01:19]} g5 {[%emt 0:00:30]} 52. Rc7+ {[%emt 0:01:51]} Kh6 {[%emt 0:00:30]} 53. Rc6+ {[%emt 0:00:08]} Kg7 {[%emt 0:00:30]} 54. Ne6+ {[%emt 0:00:29]} Kg6 {[%emt 0:01:30]} 55. Kf3 {[%emt 0:01:57]} Nf6 {[%emt 0:02:30]} 56. Nf8+ {[%emt 0:00:57]} Kg7 {[%emt 0:01:30]} 57. Rxf6 {[%emt 0:00:11]} Rd5 {[%emt 0:00:00]} 58. Ke4 {[%emt 0:00:49]} 1-0

[Event "World Junior U20 Girls 2018"]
[Site "Gebze"]
[Date "2018.09.07"]
[Round "3"]
[White "Georgescu, Lena"]
[Black "Tsolakidou, Stavroula"]
[Result "0-1"]
[WhiteElo "2195"]
[BlackElo "2393"]
[Annotator "NA"]
[PlyCount "78"]
[EventDate "2018.09.05"]
[EventType "swiss"]
[EventCountry "TUR"]
[SourceTitle "playchess.com"]
[Source "ChessBase"]
[SourceQuality "1"]
[TimeControl "40/5400+30:1800+30"]

1. e4 {[%emt 0:00:30]} c5 {[%emt 0:00:30]} 2. Nf3 {[%emt 0:00:30]} e6 {[%emt 0:00:30]} 3. d4 {[%emt 0:00:00]} cxd4 {[%emt 0:00:00]} 4. Nxd4 {[%emt 0:00:00]} Nc6 {[%emt 0:00:00]} 5. Nc3 {[%emt 0:00:00]} Qc7 {[%emt 0:00:00]} 6. Be3 {[%emt 0:00:00]} a6 {[%emt 0:00:00]} 7. a3 {[%emt 0:00:30]} b5 {[%emt 0:09:30]} 8. Nxc6 {[%emt 0:00:30] LiveBook: 53 Games} Qxc6 {[%emt 0:00:30]} 9. Be2 {[%emt 0:00:30]} Bb7 {[%emt 0:01:30] B49: Sicilian: Taimanov: 5 Nc3 Qc7 6 Be3 a6 7 Be2} 10. O-O {[%emt 0:01:30]} Rc8 {[%emt 0:08:30]} 11. Qd2 {[%emt 0:01:30]} (11. Bd4 Qc7 12. Qd3 Nf6 13. f4 Be7 14. Bf3 O-O 15. e5 Ne8 16. f5 Bxf3 17. Rxf3 Qc4 18. Qd2 f6 19. exf6 Nxf6 20. Kh1 a5 21. Bxf6 Bxf6 22. Qxd7 exf5 23. Rxf5 Bxc3 {½-½ (23) Kobalia,M (2599)-Najer,E (2683) Batumi 2018}) 11... Qc7 {[%emt 0:21:30] [#]} 12. Rfd1 $1 {[%emt 0:05:30]} Nf6 {[%emt 0:07:30]} 13. Bf4 {[%emt 0:05:30]} e5 {[%emt 0:05:30]} 14. Bg5 {[%emt 0:01:30]} Nxe4 {[%emt 0:06:30]} 15. Nxe4 {[%emt 0:00:00]} Bxe4 {[%emt 0:00:30]} 16. c4 {[%emt 0:00:00]} Qb7 {[%emt 0:04:30]} 17. cxb5 $146 {[%emt 0:17:30]} ({Predecessor:} 17. Rac1) 17... axb5 {[%emt 0:00:30]} 18. a4 {[%emt 0:23:30]} Rc2 {[%emt 0:08:30]} 19. Qa5 {[%emt 0:06:30]} f6 {[%emt 0:00:00]} 20. Bxb5 {[%emt 0:11:30]} Bc5 {[%emt 0:00:00]} 21. Bh4 {[%emt 0:05:58]} Bd4 {[%emt 0:01:30]} 22. Rac1 {[%emt 0:02:36]} O-O {[%emt 0:05:27]} 23. Rxc2 {[%emt 0:01:24]} Bxc2 {[%emt 0:00:05]} 24. Rc1 {[%emt 0:00:31]} Bf5 {[%emt 0:01:21]} 25. b3 {[%emt 0:02:09]} Be6 {[%emt 0:03:23]} 26. Qc7 {[%emt 0:03:26]} Qe4 {[%emt 0:03:03]} 27. Bg3 {[%emt 0:00:50]} h5 {[%emt 0:03:00]} 28. h4 {[%emt 0:00:53]} g5 {[%emt 0:05:38]} 29. hxg5 {[%emt 0:00:52]} h4 {[%emt 0:00:16]} 30. Bxd7 {[%emt 0:02:21]} Bxd7 {[%emt 0:02:54]} 31. Qxd7 {[%emt 0:00:37]} hxg3 {[%emt 0:00:06]} 32. Qe6+ {[%emt 0:00:51]} Kh8 {[%emt 0:00:04]} 33. Qh3+ {[%emt 0:01:11]} Qh7 {[%emt 0:00:05]} 34. Qxg3 {[%emt 0:00:46]} fxg5 {[%emt 0:00:05]} 35. Rf1 {[%emt 0:00:18]} Qh5 {[%emt 0:00:39]} 36. Qd3 {[%emt 0:01:31]} Kg7 {[%emt 0:00:20]} 37. Qc4 {[%emt 0:00:09]} Qh4 {[%emt 0:00:19]} 38. Qc7+ {[%emt 0:00:54]} Rf7 {[%emt 0:00:30]} 39. Qc2 {[%emt 0:00:00]} g4 {[%emt 0:00:00]} 0-1

[Event "World Junior U20 Girls 2018"]
[Site "Gebze"]
[Date "2018.09.07"]
[Round "3"]
[White "Varshini, V."]
[Black "Kocyigit, Buse Naz"]
[Result "1-0"]
[WhiteElo "2173"]
[BlackElo "1944"]
[Annotator "NA"]
[PlyCount "85"]
[EventDate "2018.09.05"]
[EventType "swiss"]
[EventCountry "TUR"]
[SourceTitle "playchess.com"]
[Source "ChessBase"]
[SourceQuality "1"]
[TimeControl "40/5400+30:1800+30"]

1. e4 d5 2. exd5 Qxd5 3. Nc3 Qd8 4. d4 Nf6 5. Nf3 Bg4 6. Be2 e6 7. h3 Bxf3 8. Bxf3 c6 9. Bf4 Bd6 $11 10. Qd2 O-O 11. O-O Bxf4 12. Qxf4 Nbd7 13. Rad1 Qa5 14. Rfe1 {[%emt 0:32:00]} Rac8 {[%emt 0:19:00]} 15. a3 {[%emt 0:05:30]} Nd5 {[%emt 0:02:30]} 16. Nxd5 {[%emt 0:01:30]} cxd5 {[%emt 0:00:30]} 17. c3 {[%emt 0:00:00]} b5 {[%emt 0:06:30]} 18. Be2 {[%emt 0:03:00]} Qb6 {[%emt 0:10:30]} 19. Bd3 {[%emt 0:01:30]} a5 {[%emt 0:01:30]} 20. Qh4 {[%emt 0:01:30]} g6 {[%emt 0:01:30]} 21. Qf4 {[%emt 0:03:30]} b4 {[%emt 0:08:30]} 22. cxb4 {[%emt 0:01:30]} axb4 {[%emt 0:01:30]} 23. a4 {[%emt 0:00:30]} Nb8 {[%emt 0:12:30]} 24. h4 {[%emt 0:12:30]} Nc6 {[%emt 0:06:30]} 25. Bb1 {[%emt 0:07:30]} Na5 {[%emt 0:05:30]} 26. h5 {[%emt 0:03:30]} Qc7 {[%emt 0:04:30]} 27. Qh6 {[%emt 0:04:30]} Qe7 {[%emt 0:02:50]} 28. Re3 {[%emt 0:05:30]} Qf6 {[%emt 0:01:14]} 29. Rg3 {[%emt 0:02:34]} Qg7 {[%emt 0:01:42]} 30. Qf4 {[%emt 0:00:20]} Rfd8 {[%emt 0:02:10]} 31. b3 {[%emt 0:07:33]} Rc6 {[%emt 0:02:21]} 32. Qd2 {[%emt 0:05:37]} Qf8 {[%emt 0:02:10]} 33. hxg6 {[%emt 0:02:14]} hxg6 {[%emt 0:00:10]} 34. Bxg6 {[%emt 0:00:25]} fxg6 {[%emt 0:00:39]} 35. Rxg6+ {[%emt 0:00:02]} Kf7 {[%emt 0:03:20]} 36. Qg5 {[%emt 0:00:10]} e5 {[%emt 0:01:24]} 37. Qf5+ {[%emt 0:01:32]} Ke8 {[%emt 0:01:25]} 38. Qxe5+ {[%emt 0:00:53]} Kd7 {[%emt 0:03:33]} 39. Qxd5+ {[%emt 0:00:50]} Rd6 {[%emt 0:00:31]} 40. Rxd6+ {[%emt 0:00:00]} Qxd6 {[%emt 0:00:30]} 41. Qxa5 {[%emt 0:02:20]} Rh8 {[%emt 0:00:31]} 42. Qa7+ {[%emt 0:01:30]} Ke6 {[%emt 0:00:30]} 43. d5+ {[%emt 0:00:30]} 1-0

[Event "World Junior U20 Girls 2018"]
[Site "Gebze"]
[Date "2018.09.07"]
[Round "3"]
[White "Song, Yuxin"]
[Black "Dordzhieva, Dinara"]
[Result "1/2-1/2"]
[WhiteElo "2156"]
[BlackElo "2318"]
[Annotator "NA"]
[PlyCount "38"]
[EventDate "2018.09.05"]
[EventType "swiss"]
[EventCountry "TUR"]
[SourceTitle "playchess.com"]
[Source "ChessBase"]
[SourceQuality "1"]
[TimeControl "40/5400+30:1800+30"]

1. e4 {[%emt 0:00:30]} c5 {[%emt 0:00:30]} 2. Nf3 {[%emt 0:00:30]} e6 {[%emt 0:00:30]} 3. d4 {[%emt 0:00:00]} cxd4 {[%emt 0:00:00]} 4. Nxd4 {[%emt 0:00:00]} Nf6 {[%emt 0:00:00]} 5. Bd3 {[%emt 0:01:30]} Nc6 {[%emt 0:01:30]} 6. Nxc6 {[%emt 0:01:30]} bxc6 {[%emt 0:00:00]} 7. c4 {[%emt 0:00:30]} d5 {[%emt 0:01:00]} 8. cxd5 {[%emt 0:06:30] LiveBook: 8 Games} cxd5 {[%emt 0:00:30]} 9. Nc3 {[%emt 0:01:30] B44: Sizilianisch (Paulsen/Taimanow-Variante)} dxe4 {[%emt 0:06:30]} 10. Nxe4 {[%emt 0:02:30]} Bb4+ {[%emt 0:00:30]} 11. Nc3 {[%emt 0:07:30]} O-O {[%emt 0:00:00]} 12. O-O {[%emt 0:00:30]} Bb7 {[%emt 0:04:00]} 13. Qb3 {[%emt 0:04:30]} ({Vorgänger:} 13. Qe2 Bxc3 14. bxc3 Qd5 15. f3 Rfd8 16. Bc4 Qc6 {½-½ (28) Aldama Degurnay,D (2141)-Vera Gonzalez Quevedo,R (2495) Matanzas 1992}) 13... Qb6 {[%emt 0:35:30]} 14. Be2 {[%emt 0:03:30]} Nd5 {[%emt 0:04:30]} 15. Nxd5 {[%emt 0:02:30]} Bxd5 {[%emt 0:00:00]} 16. Bc4 {[%emt 0:00:30]} Bb7 {[%emt 0:03:00]} 17. Be2 {[%emt 0:04:30]} Bd5 {[%emt 0:03:30]} 18. Bc4 $11 {[%emt 0:00:30]} Bb7 {[%emt 0:03:30]} 19. Be2 {[%emt 0:01:30]} Bd5 {[%emt 0:00:30]} 1/2-1/2

[Event "World Junior U20 Girls 2018"]
[Site "Gebze"]
[Date "2018.09.07"]
[Round "3"]
[White "Ivana Maria, Furtado"]
[Black "Sieber, Fiona"]
[Result "1-0"]
[WhiteElo "2144"]
[BlackElo "2277"]
[Annotator "NA"]
[PlyCount "121"]
[EventDate "2018.09.05"]
[EventType "swiss"]
[EventCountry "TUR"]
[SourceTitle "playchess.com"]
[Source "ChessBase"]
[SourceQuality "1"]
[TimeControl "40/5400+30:1800+30"]

1. c4 {[%emt 0:01:30]} Nf6 {[%emt 0:02:30]} 2. Nc3 {[%emt 0:01:30]} e5 {[%emt 0:00:30]} 3. g3 {[%emt 0:00:00]} Bb4 {[%emt 0:01:30]} 4. Bg2 {[%emt 0:01:00]} O-O {[%emt 0:00:30]} 5. Qb3 {[%emt 0:04:30]} Bc5 {[%emt 0:03:30] A22: English Opening: 1...e5 2 Nc3 Nf6} (5... Bxc3 6. Qxc3 Re8 7. d3 Nc6 8. Nf3 e4 9. Nd4 Nxd4 10. Qxd4 exd3 11. e3 d5 12. cxd5 c6 13. O-O Nxd5 {½-½ (24) Timofeev,A (2681)-Zhou,J (2623) Sochi 2009}) 6. e3 {[%emt 0:03:30]} Nc6 {[%emt 0:02:30]} 7. Nge2 {[%emt 0:01:30]} a6 $146 {[%emt 0:06:30]} ({Predecessor:} 7... Nb4 8. Na4 Be7 9. a3 Nc6 10. d4 exd4 11. exd4 d6 12. O-O Na5 13. Qc2 {1-0 (50) Gomes Filho,J (1946)-Pacifico,J (1800) Teresina 2002}) 8. O-O {[%emt 0:01:30]} Re8 {[%emt 0:04:30]} 9. d3 {[%emt 0:06:30]} d6 {[%emt 0:00:30]} 10. a3 {[%emt 0:24:00]} Ba7 {[%emt 0:26:00]} 11. h3 {[%emt 0:04:30]} Rb8 {[%emt 0:20:30]} 12. Qc2 {[%emt 0:00:30]} Ne7 {[%emt 0:00:30]} 13. d4 {[%emt 0:03:30]} exd4 {[%emt 0:01:30]} 14. exd4 {[%emt 0:01:30]} h6 {[%emt 0:06:30]} 15. b4 {[%emt 0:02:30]} b5 {[%emt 0:05:30]} 16. c5 {[%emt 0:03:30]} Bb7 {[%emt 0:00:00]} 17. a4 {[%emt 0:10:30]} Bxg2 {[%emt 0:01:00]} 18. Kxg2 {[%emt 0:00:30]} Nc6 {[%emt 0:04:30]} 19. axb5 {[%emt 0:00:30]} Nxb4 {[%emt 0:00:30]} 20. Qf5 {[%emt 0:04:30]} dxc5 {[%emt 0:08:30]} 21. dxc5 {[%emt 0:00:30]} Qd7 {[%emt 0:08:51]} 22. Qf3 {[%emt 0:08:30]} Bxc5 {[%emt 0:00:32]} 23. bxa6 {[%emt 0:01:30]} Qe6 {[%emt 0:02:45]} 24. Nf4 {[%emt 0:06:30]} Qb6 {[%emt 0:01:09]} 25. Bb2 {[%emt 0:06:30]} Nc2 {[%emt 0:03:22]} 26. Na4 {[%emt 0:03:30]} Qd6 {[%emt 0:08:17]} 27. Rad1 {[%emt 0:04:46]} Bd4 {[%emt 0:01:12]} 28. Bxd4 {[%emt 0:05:53]} Nxd4 {[%emt 0:00:01]} 29. Qc3 {[%emt 0:00:29]} Rb4 {[%emt 0:01:07]} 30. Nc5 {[%emt 0:03:43]} Nd5 {[%emt 0:01:51]} 31. Rxd4 {[%emt 0:02:39]} Rxd4 {[%emt 0:00:05]} 32. Qxd4 {[%emt 0:01:23]} Nxf4+ {[%emt 0:00:30]} 33. Qxf4 {[%emt 0:00:30]} Qxc5 {[%emt 0:00:00]} 34. Rc1 {[%emt 0:00:27]} Qd5+ {[%emt 0:00:34]} 35. Qf3 {[%emt 0:00:13]} Qxf3+ {[%emt 0:00:54]} 36. Kxf3 {[%emt 0:00:04]} Ra8 {[%emt 0:00:00]} 37. Ra1 {[%emt 0:02:26]} Ra7 {[%emt 0:00:56]} 38. Ke4 {[%emt 0:00:12]} Kf8 {[%emt 0:00:00]} 39. Kd5 {[%emt 0:00:25]} Ke7 {[%emt 0:00:06]} 40. Kc6 {[%emt 0:00:00]} h5 {[%emt 0:00:00]} 41. Ra4 {[%emt 0:03:20]} g6 {[%emt 0:06:18]} 42. g4 {[%emt 0:02:30]} hxg4 {[%emt 0:00:30]} 43. hxg4 {[%emt 0:00:30]} Kd8 {[%emt 0:05:30]} 44. g5 {[%emt 0:00:30]} Ke7 {[%emt 0:01:30]} 45. f4 {[%emt 0:09:30]} Kd8 {[%emt 0:00:30]} 46. Kd5 {[%emt 0:01:04]} Kd7 {[%emt 0:03:05]} 47. Ra3 {[%emt 0:00:20]} Ke7 {[%emt 0:03:29]} 48. Ke5 {[%emt 0:04:22]} c6 {[%emt 0:01:21]} 49. Kd4 {[%emt 0:00:43]} Kd6 {[%emt 0:08:21]} 50. Kc4 {[%emt 0:00:29]} Kc7 {[%emt 0:00:52]} 51. Kc5 {[%emt 0:00:14]} Kb8 {[%emt 0:01:33]} 52. Kb6 {[%emt 0:03:56]} Re7 {[%emt 0:01:00]} 53. Rd3 {[%emt 0:01:07]} Re8 $18 {[%emt 0:00:53]} 54. a7+ {[%emt 0:01:52]} Ka8 {[%emt 0:00:00]} 55. Rd7 {[%emt 0:00:17]} Rf8 {[%emt 0:01:12]} 56. Kxc6 {[%emt 0:03:54]} f6 {[%emt 0:00:03]} 57. f5 {[%emt 0:01:40]} gxf5 {[%emt 0:04:33]} 58. g6 {[%emt 0:00:09]} Rg8 {[%emt 0:00:23]} 59. g7 {[%emt 0:01:19]} f4 {[%emt 0:00:01]} 60. Rf7 {[%emt 0:01:33]} f3 {[%emt 0:00:01]} 61. Kb6 {[%emt 0:00:05]} 1-0